Countries Closest to Croatia - One Minute Sprint - Statistics

General Stats
  • This quiz has been taken 67 times
  • The average score is 17 of 20
Answer Stats
km country miles % Correct
0 Bosnia and Herzegovina 0
98%
0 Slovenia 0
98%
12 Italy 8
96%
0 Serbia 0
96%
0 Montenegro 0
95%
0 Hungary 0
91%
70 Albania 44
89%
315 Bulgaria 196
89%
270 Greece 168
89%
128 Kosovo 80
89%
168 Slovakia 104
89%
23 Austria 15
88%
107 Romania 67
88%
177 North Macedonia 110
86%
233 Germany 145
77%
234 Czechia 145
71%
141 San Marino 87
66%
261 Switzerland 162
64%
314 Vatican City 195
61%
345 Liechtenstein 215
39%
No matching quizzes found
Score Distribution
Percent of People with Each Score
Percentile by Number Answered
Your Score History
You have not taken this quiz